| 000 | 00520nam a2200193Ia 4500 | ||
|---|---|---|---|
| 003 | 0100 | ||
| 008 | 130307s9999 xx 000 0 und d | ||
| 040 | _cARRUPELIB | ||
| 050 | _aL.QB43.2.K38 | ||
| 100 | _aKaufmann, William J | ||
| 245 | _aUniverse | ||
| 260 | _aNew York | ||
| 260 | _bW. H. Freeman and co. | ||
| 260 | _c1985 | ||
| 300 | _axviii | ||
| 300 | _b624p. 28cm | ||
| 650 | _bUnited States-Foreign relations-1945 - Russia-Foreign relations-1945- United States-Foreign relations-Russia | ||
| 942 | 0 | 0 | _03 |
| 999 |
_c101042 _d101042 |
||